000 00941cam a22002531 4500
001 gs 06000781
003 DLC
005 20260227111304.0
008 800229s1906 vauabf s000 0 eng c
010 _ags 06000781
035 _a(OCoLC)6035928
040 _aLibrary, U.S. Geol.
_cTxDaME
_dDLC
042 _apremarc
043 _an-us-va
050 0 0 _aQE173
_b.A2 no. 3
100 1 _aGrover, Nathan Clifford,
_d1868-1956.
245 1 0 _aHydrography of Virginia,
_cby N. C. Grover and R. H. Bolster.
260 _a[Richmond, Va.]
_bPub. by Board of agriculture and immigration,
_c1906.
300 _a3 p. l., [5]-233 p.
_billus., x pl. (partly fold., incl. diagrs., maps)
_c24 cm.
490 0 _aVirginia. Geological survey. Geological series. Bulletin no. III.
500 _aAt head of title: Virginia Department of agriculture and immigration ...
650 0 _aWater-supply
_zVirginia.
700 1 _aBolster, R. H.
_q(Roy Hale),
_d1877-
999 _c24475
_d24475